[Event "Tirol-ch"]
[Site "Jenbach"]
[Date "2013.06.07"]
[Round "5"]
[White "Pali, Philipp"]
[Black "Rossmair, Hermann"]
[Result "1-0"]
[WhiteElo "1725"]
[BlackElo "1459"]
[PlyCount "83"]
[EventDate "2013.05.30"]
[EventType "swiss"]
[EventRounds "7"]
[EventCountry "AUT"]
[SourceTitle "EXT 2015"]
[Source "ChessBase"]
[SourceDate "2014.11.20"]
[SourceVersion "1"]
[SourceVersionDate "2014.11.20"]
[SourceQuality "1"]

1. e4 e5 2. Bc4 Bc5 3. Nc3 Nf6 4. d3 d6 5. h3 a6 6. f4 b5 7. Bb3 Bb7 8. Nf3 Nbd7 9. Qe2 0-0 10. Be3 exf4 11. Bxf4 h6 12. g4 Nh7 13. h4 Qf6 14. Be3 Ne5 15. Nxe5 Qxe5 16. d4 Bxd4 17. Bxd4 Qxd4 18. g5 Rae8 19. Rd1 Qe5 20. gxh6 g6 21. Bd5 c6 22. Bb3 b4 23. Na4 d5 24. Nc5 Qxb2 25. h5 Qc3+ 26. Rd2 Qxc5 27. Qg2 Qe3+ 28. Re2 Qc1+ 29. Kf2 Qf4+ 30. Ke1 Qxh6 31. hxg6 Qc1+ 32. Kf2 fxg6+ 33. Kg3 Qg5+ 34. Kh2 Qe5+ 35. Kg1 Rf6 36. Rh3 Kg7 37. Rhe3 d4 38. Rg3 a5 39. Bc4 Ref8 40. Rf2 Rxf2 41. Rxg6+ Kh8 42. Rg8+ 1-0

[Event "Tirol-ch"]
[Site "Jenbach"]
[Date "2013.06.02"]
[Round "4"]
[White "Rossmair, Hermann"]
[Black "Ranner, Stefan"]
[Result "1-0"]
[WhiteElo "1459"]
[BlackElo "1795"]
[PlyCount "59"]
[EventDate "2013.05.30"]
[EventType "swiss"]
[EventRounds "7"]
[EventCountry "AUT"]
[SourceTitle "EXT 2015"]
[Source "ChessBase"]
[SourceDate "2014.11.20"]
[SourceVersion "1"]
[SourceVersionDate "2014.11.20"]
[SourceQuality "1"]

1. e4 e5 2. Bc4 Nc6 3. Nf3 Bc5 4. c3 Nf6 5. d3 d6 6. Bg5 h6 7. Bh4 Be6 8. Bb5 a6 9. Bxc6+ bxc6 10. Qa4 Bd7 11. d4 exd4 12. cxd4 Bb6 13. e5 g5 14. Bg3 Ne4 15. Nc3 Nxg3 16. fxg3 d5 17. 0-0 c5 18. Qa3 cxd4 19. Nxd5 c5 20. Nf6+ Kf8 21. Nxd4 Kg7 22. Nxd7 Qxd7 23. Nf5+ Kh7 24. Qb3 Rab8 25. Qc2 Rbf8 26. Nd6+ Kg7 27. Rf6 c4+ 28. Kh1 Bc7 29. Nf5+ Kg8 30. Rxh6 1-0

[Event "Tirol-ch"]
[Site "Jenbach"]
[Date "2011.07.06"]
[Round "5"]
[White "Egger, Herbert"]
[Black "Rossmair, Hermann"]
[Result "0-1"]
[WhiteElo "1776"]
[BlackElo "1463"]
[PlyCount "129"]
[EventDate "2011.07.02"]
[EventType "swiss"]
[EventRounds "7"]
[EventCountry "AUT"]
[SourceTitle "EXT 2024"]
[Source "ChessBase"]
[SourceDate "2023.10.10"]
[SourceVersion "1"]
[SourceVersionDate "2023.10.10"]
[SourceQuality "1"]

1. e4 e5 2. Nf3 Nc6 3. Nc3 Nf6 4. Bb5 a6 5. Ba4 Bc5 6. 0-0 d6 7. d3 b5 8. Bb3 h6 9. Ne2 0-0 10. Ng3 Ne7 11. h3 Ng6 12. c3 Bd7 13. d4 Bb6 14. Be3 Rb8 15. Qd2 Kh7 16. Bc2 Re8 17. Rfe1 Qc8 18. Kh2 Rh8 19. Ng1 c6 20. f4 exf4 21. Bxf4 Bc7 22. e5 dxe5 23. Bxg6+ fxg6 24. dxe5 Nd5 25. Nf3 Rf8 26. Be3 Bxh3 27. Ne4 Bf5 28. Nd6 Bxd6 29. exd6 Nxe3 30. Rxe3 Re8 31. Re7 Rxe7 32. dxe7 Qc7+ 33. g3 Qxe7 34. Re1 Qf6 35. Qf4 Rd8 36. Ne5 g5 37. Qf2 Rf8 38. Qd4 Rd8 39. Qe3 Qf8 40. Nxc6 Rd3 41. Qf2 g4 42. Ne5 Rd8 43. Rf1 g6 44. Qa7+ Qg7 45. Qe3 h5 46. Re1 Qf6 47. Qa7+ Kh8 48. Qf2 Qg5 49. Re2 Rf8 50. Nc6 Be4 51. Qb6 Rf1 52. Qb8+ Kg7 53. Qa7+ Kh6 54. Qg1 Rxg1 55. Kxg1 Bxc6 56. Kf2 Qf5+ 57. Ke1 Qb1+ 58. Kf2 Qh1 59. Re6 Qg2+ 60. Ke1 Qxg3+ 61. Kd2 Qf2+ 62. Kc1 Bf3 63. Rd6 g3 64. Rd2 Qe1+ 65. Kc2 0-1

[Event "Tirol-ch"]
[Site "Kramsach"]
[Date "2007.06.25"]
[Round "2.12"]
[White "Zwanowetz, Thomas"]
[Black "Rossmair, Hermann"]
[Result "1-0"]
[WhiteElo "1716"]
[BlackElo "1598"]
[PlyCount "25"]
[EventDate "2007.06.24"]
[EventType "swiss"]
[EventRounds "7"]
[EventCountry "AUT"]
[SourceTitle "EXT 2024"]
[Source "ChessBase"]
[SourceDate "2023.10.10"]
[SourceVersion "1"]
[SourceVersionDate "2023.10.10"]
[SourceQuality "1"]

1. e4 e5 2. Nf3 Nc6 3. Bc4 Nf6 4. d4 exd4 5. 0-0 Bc5 6. e5 Ng8 7. c3 Nge7 8. cxd4 Bb6 9. Ng5 0-0 10. Qh5 h6 11. Nxf7 Rxf7 12. Bxf7+ Kh8 13. Bxh6 1-0